000 00386nam a2200133Ia 4500
008 220217s9999||||xx |||||||||||||| ||und||
020 _a9788189928469
082 _a621.43 MAT
100 _aMathur M.L and Sharma B.P
_99820
245 0 _aInternal combustion engine
260 _aDhanpat rai publishing company
_bNew Delhi
_c2014
300 _aXX, 1010p.
_b335
650 _aTURBINES
999 _c187482
_d187482